000 00824nam0a22002531 4500
001 rc\3652271
005 20130115150015.8
021 _aRU
_bРг8399-73
021 _aRU
_b73-37571
035 _a(NLR Aleph) 007734888
090 _a7095288
_c7095288
100 _a20130115d1973 |||y0rusy50 ca
101 0 _arus
102 _aRU
105 _ay z |||||
200 1 _aНекоторые методологические проблемы эффективности общественного производства
_fИн-т экономики АН СССР
210 _aМосква
_cБ. и.
_d1973
215 _a8 с.
_d20
700 1 _aМукасьян
_bС. П.
_gСергей Папчанович
801 0 _aRU
_bNLR
_gpsbo
801 1 _aRU
_bELAR
_2rusmarc
852 _aNLR
_j73-4/15182
942 _cBOOK
980 _aNB